Los fines, las materias y los métodos de la educación : (Record no. 24671)

MARC details
000 -CABECERA
campo de control de longitud fija 01064nam a2200301 a 4500
003 - IDENTIFICADOR DEL NÚMERO DE CONTROL
campo de control MX-MxUPN
005 - FECHA Y HORA DE LA ÚLTIMA TRANSACCIÓN
campo de control 20240920064400.0
008 - ELEMENTOS DE LONGITUD FIJA--INFORMACIÓN GENERAL
campo de control de longitud fija 991125s1927 sp gr 000 0 spa d
035 ## - NÚMERO DE CONTROL DEL SISTEMA
Número de control de sistema UPN01000024671
040 ## - FUENTE DE LA CATALOGACIÓN
Centro catalogador/agencia de origen MX-MxUPN
Lengua de catalogación spa
Centro/agencia transcriptor MX-MxUPN
041 ## - CÓDIGO DE IDIOMA
Código de lengua del texto/banda sonora o título independiente spa
050 #4 - SIGNATURA TOPOGRÁFICA DE LA BIBLIOTECA DEL CONGRESO
Número de clasificación LC1021 C5
Número de documento/Ítem D4.3b
100 1# - ASIENTO PRINCIPAL--NOMBRE PERSONAL
Nombre de persona Dewey, John,
Fechas asociadas al nombre 1859-1952
9 (RLIN) 28071
245 14 - MENCIÓN DE TÍTULO
Título Los fines, las materias y los métodos de la educación :
Resto del título la educación y la democracia II
260 ## - PUBLICACIÓN, DISTRIBUCIÓN, ETC.
Lugar de publicación, distribución, etc. Madrid :
Nombre del editor, distribuidor, etc. Ediciones de la Lectura,
Fecha de publicación, distribución, etc. 1927
300 ## - DESCRIPCIÓN FÍSICA
Extensión 279 páginas
490 0# - MENCIÓN DE SERIE
Mención de serie Ciencia y educación. Contemporánea ;
Designación de volumen o secuencia 21
650 #4 - ASIENTO SECUNDARIO DE MATERIA - TERMINO TEMATICO
Término de materia o nombre geográfico como elemento de entrada Democracia
9 (RLIN) 6020
650 #4 - ASIENTO SECUNDARIO DE MATERIA - TERMINO TEMATICO
Término de materia o nombre geográfico como elemento de entrada Educación
Subdivisión general Fines y objetivos
9 (RLIN) 4837
650 #0 - ASIENTO SECUNDARIO DE MATERIA - TERMINO TEMATICO
Término de materia o nombre geográfico como elemento de entrada Educación clásica
9 (RLIN) 16408
650 #2 - ASIENTO SECUNDARIO DE MATERIA - TERMINO TEMATICO
Término de materia o nombre geográfico como elemento de entrada Métodos de enseñanza
9 (RLIN) 5706
710 1# - ASIENTO SECUNDARIO - NOMBRE CORPORATIVO
9 (RLIN) 51349
Nombre de entidad corporativa o nombre de jurisdicción como elemento de entrada México.
Unidad subordinada Secretaría de Educación Pública.
-- Biblioteca Pública
Término indicativo de función/relación propietario anterior
710 2# - ASIENTO SECUNDARIO - NOMBRE CORPORATIVO
9 (RLIN) 51335
Nombre de entidad corporativa o nombre de jurisdicción como elemento de entrada Museo Pedagógico Nacional (México)
Término indicativo de función/relación propietario anterior
902 ## - ELEMENTOS DE DATOS B LOCAL, LDB (RLIN)
Modificó MaríaRobles/260824
904 ## - ELEMENTOS DE DATOS D LOCAL, LDD (RLIN)
a AC
b 024672
905 ## - TIPO DE MATERIAL
Tipo de material Libro
942 ## - ELEMENTOS DE PUNTO DE ACCESO ADICIONAL (KOHA)
Fuente del sistema de clasificación o colocación Library of Congress Classification
Tipo de ítem Koha Libro
Suprimir en OPAC No
Holdings
Estado de retiro Estado de pérdida Fuente del sistema de clasificación o colocación Estado dañado No para préstamo Código de colección Localización permanente Ubicación/localización actual Ubicación en estantería Fecha de adquisición Clasificación Código de barras Fecha visto por última vez Tipo de ítem Koha Nota pública
    Library of Congress Classification   Disponible (Previa cita) Fondo Reservado de libros Bib. Gregorio Torres Quintero Bib. Gregorio Torres Quintero Sala de Fondos Reservados Planta alta 18/11/2022 LC1021 C5 D4.3b 42059 31/12/2020 Libro Ejemplar con sello del Museo Pedagógico Nacional y con sello de la Biblioteca Pública de la SEP.
    Library of Congress Classification   Disponible (Previa cita) Fondo Reservado de libros Bib. Gregorio Torres Quintero Bib. Gregorio Torres Quintero Sala de Fondos Reservados Planta alta 18/11/2022 LC1021 C5 D4.3b 11519 31/12/2020 Libro Ejemplar con sello del Museo Pedagógico Nacional y con sello de la Biblioteca Pública de la SEP.